[Event "Unterfranken-ch M2 63th"]
[Site "Schweinfurt"]
[Date "2012.04.11"]
[Round "5"]
[White "Bonnes, Klaus"]
[Black "Heerlein, Gerd"]
[Result "1/2-1/2"]
[WhiteElo "1708"]
[BlackElo "1755"]
[PlyCount "41"]
[EventDate "2012.04.09"]
[EventType "swiss"]
[EventRounds "9"]
[EventCountry "GER"]
[SourceTitle "EXT 2015"]
[Source "ChessBase"]
[SourceDate "2014.11.20"]
[SourceVersion "1"]
[SourceVersionDate "2014.11.20"]
[SourceQuality "1"]

1. d4 Nf6 2. c4 g6 3. Nc3 Bg7 4. e4 d6 5. Nf3 0-0 6. Be2 e5 7. d5 Na6 8. Be3 Ng4 9. 0-0 Nxe3 10. fxe3 Bh6 11. Qd2 f5 12. Bd3 Nc5 13. Bc2 Nxe4 14. Nxe4 fxe4 15. Bxe4 Bg4 16. Qd3 Bxf3 17. Bxf3 Qg5 18. Rae1 b6 19. Qe4 a5 20. a3 Rf6 21. Qg4 1/2-1/2

[Event "Unterfranken-ch HB 62th"]
[Site "Gerolzhofen"]
[Date "2011.04.29"]
[Round "7"]
[White "Mauder, Manfred"]
[Black "Bonnes, Klaus"]
[Result "1/2-1/2"]
[WhiteElo "1706"]
[BlackElo "1732"]
[PlyCount "45"]
[EventDate "2011.04.25"]
[EventType "swiss"]
[EventRounds "9"]
[EventCountry "GER"]
[SourceTitle "EXT 2015"]
[Source "ChessBase"]
[SourceDate "2014.11.20"]
[SourceVersion "1"]
[SourceVersionDate "2014.11.20"]
[SourceQuality "1"]

1. Nf3 d5 2. d4 Nf6 3. g3 Bf5 4. Bg2 e6 5. 0-0 Nbd7 6. Nbd2 c5 7. c4 dxc4 8. Nxc4 Be4 9. Bf4 Nb6 10. Rc1 Nxc4 11. Rxc4 Bd5 12. Rc1 Rc8 13. Qa4+ Bc6 14. Qb3 b6 15. Rfd1 Bd5 16. Qa4+ Qd7 17. Qxd7+ Nxd7 18. b3 Be7 19. Ne5 Bxg2 20. Kxg2 Nxe5 21. Bxe5 0-0 22. dxc5 Rxc5 23. Rxc5 1/2-1/2

[Event "Unterfranken-ch HB 62th"]
[Site "Gerolzhofen"]
[Date "2011.04.28"]
[Round "6"]
[White "Bonnes, Klaus"]
[Black "Werner, Stefan1111"]
[Result "1-0"]
[WhiteElo "1732"]
[BlackElo "1511"]
[PlyCount "107"]
[EventDate "2011.04.25"]
[EventType "swiss"]
[EventRounds "9"]
[EventCountry "GER"]
[SourceTitle "EXT 2015"]
[Source "ChessBase"]
[SourceDate "2014.11.20"]
[SourceVersion "1"]
[SourceVersionDate "2014.11.20"]
[SourceQuality "1"]

1. d4 Nf6 2. c4 g6 3. Nc3 Bg7 4. e4 d6 5. Nf3 c6 6. Be2 0-0 7. 0-0 Nbd7 8. Be3 Re8 9. Qc2 e5 10. d5 cxd5 11. cxd5 Nb6 12. Qb3 Ng4 13. Bxb6 axb6 14. Rfc1 Bd7 15. Nb5 Bxb5 16. Bxb5 Rf8 17. h3 Nf6 18. Rc4 Ne8 19. Rac1 f5 20. Bxe8 Qxe8 21. exf5 Rxf5 22. Qxb6 Rf8 23. Rc7 h6 24. Rxb7 Rc8 25. Rxc8 Qxc8 26. Qc7 Qxc7 27. Rxc7 Ra8 28. Rc2 Rxa2 29. Ne1 Ra1 30. Kf1 Rd1 31. Ke2 Rxd5 32. Rd2 Rb5 33. Rxd6 Rxb2+ 34. Rd2 Rb3 35. Nf3 Kf7 36. Rd7+ Kf8 37. Rd6 Kf7 38. Rc6 Bf6 39. Rc7+ Ke6 40. Rc6+ Kf7 41. Nd2 Rb2 42. g3 Ke7 43. Kd3 Rb4 44. Ne4 Rb3+ 45. Ke2 Rb2+ 46. Kf3 Rb3+ 47. Kg2 Bg7 48. Rxg6 Kf7 49. Rc6 Ra3 50. Nd6+ Kg8 51. Nf5 Bf8 52. Nxh6+ Kh7 53. Ng4 e4 54. Nf6+ 1-0

[Event "Unterfranken-ch HB 62th"]
[Site "Gerolzhofen"]
[Date "2011.04.27"]
[Round "4"]
[White "Bonnes, Klaus"]
[Black "Liebler, Juergen"]
[Result "1-0"]
[WhiteElo "1732"]
[BlackElo "1676"]
[PlyCount "87"]
[EventDate "2011.04.25"]
[EventType "swiss"]
[EventRounds "9"]
[EventCountry "GER"]
[SourceTitle "EXT 2015"]
[Source "ChessBase"]
[SourceDate "2014.11.20"]
[SourceVersion "1"]
[SourceVersionDate "2014.11.20"]
[SourceQuality "1"]

1. d4 Nf6 2. c4 d5 3. Nc3 dxc4 4. e3 e6 5. Bxc4 Be7 6. Nf3 0-0 7. 0-0 c5 8. d5 exd5 9. Nxd5 b6 10. Nxf6+ Bxf6 11. Bd5 Nc6 12. Bxc6 Rb8 13. Qc2 Qc7 14. Be4 g6 15. Bd2 Re8 16. Bd3 Bb7 17. Be2 Rbd8 18. Bc3 Bxc3 19. Qxc3 Rd5 20. Rfd1 Rh5 21. h3 Bc8 22. Nh2 Rg5 23. Bg4 Qc6 24. f4 Rd5 25. Rxd5 Qxd5 26. Bxc8 Rxc8 27. Ng4 Qe6 28. Nf6+ Kg7 29. Ng4+ Kg8 30. Rd1 Qc6 31. Qf6 Qxf6 32. Nxf6+ Kg7 33. Rd6 c4 34. Nd5 b5 35. Rd7 a6 36. Kf2 Rc5 37. e4 a5 38. Ke3 Kf8 39. Kd4 Rc6 40. Rd8+ Kg7 41. Ra8 b4 42. Rxa5 c3 43. bxc3 bxc3 44. Nxc3 1-0

[Event "Unterfranken-ch HB 62th"]
[Site "Gerolzhofen"]
[Date "2011.04.26"]
[Round "3"]
[White "Flach, Manuel"]
[Black "Bonnes, Klaus"]
[Result "1-0"]
[WhiteElo "1634"]
[BlackElo "1732"]
[PlyCount "97"]
[EventDate "2011.04.25"]
[EventType "swiss"]
[EventRounds "9"]
[EventCountry "GER"]
[SourceTitle "EXT 2015"]
[Source "ChessBase"]
[SourceDate "2014.11.20"]
[SourceVersion "1"]
[SourceVersionDate "2014.11.20"]
[SourceQuality "1"]

1. d4 d5 2. Bf4 Nf6 3. e3 e6 4. Nd2 Nbd7 5. Ngf3 c5 6. c3 Be7 7. Qc2 0-0 8. a4 b6 9. Bd3 Bb7 10. Ne5 c4 11. Be2 h6 12. 0-0 Nxe5 13. Bxe5 Nd7 14. Bg3 f5 15. Bh5 Nf6 16. Bg6 Bc6 17. f3 Be8 18. Bxe8 Qxe8 19. e4 fxe4 20. fxe4 Qg6 21. Rac1 Nh5 22. Be5 Bg5 23. exd5 Qxc2 24. Rxc2 Rxf1+ 25. Kxf1 Rf8+ 26. Nf3 exd5 27. Ke1 Bf4 28. Bxf4 Nxf4 29. Ne5 Re8 30. Kd1 Re6 31. Rf2 Ng6 32. Nf7 Re7 33. Nd6 Rd7 34. Nf5 Rf7 35. Ke2 Ne7 36. Ne3 Rxf2+ 37. Kxf2 Kf7 38. Kf3 Kf6 39. Kg4 g6 40. h4 h5+ 41. Kf4 Nf5 42. Nxd5+ Ke6 43. Ne3 Nxh4 44. Kg5 Nf5 45. Nxf5 gxf5 46. Kxh5 Kd5 47. Kg5 Ke4 48. d5 Kxd5 49. Kxf5 1-0

[Event "Unterfranken-ch HB 62th"]
[Site "Gerolzhofen"]
[Date "2011.04.25"]
[Round "1"]
[White "Ullrich, Daniel"]
[Black "Bonnes, Klaus"]
[Result "0-1"]
[WhiteElo "1245"]
[BlackElo "1732"]
[PlyCount "80"]
[EventDate "2011.04.25"]
[EventType "swiss"]
[EventRounds "9"]
[EventCountry "GER"]
[SourceTitle "EXT 2015"]
[Source "ChessBase"]
[SourceDate "2014.11.20"]
[SourceVersion "1"]
[SourceVersionDate "2014.11.20"]
[SourceQuality "1"]

1. Nc3 Nf6 2. Nf3 d5 3. d4 e6 4. Bf4 Bd6 5. Bg5 c5 6. e4 dxe4 7. Nxe4 Qa5+ 8. b4 Qxb4+ 9. c3 Qb6 10. Nxf6+ gxf6 11. Bxf6 Rg8 12. Qb3 Qxb3 13. axb3 Rg6 14. Bh4 cxd4 15. Nxd4 Be5 16. 0-0-0 Bd7 17. g3 Bxd4 18. Rxd4 Nc6 19. Rd6 Rc8 20. Bd3 Rh6 21. Rd1 f6 22. Bb5 Rc7 23. c4 Ke7 24. Kb2 Ne5 25. f4 Nc6 26. c5 Nb8 27. Bxd7 Nxd7 28. Ka3 Nxc5 29. R6d2 Rh5 30. Rc2 Na6 31. Re2 Rc6 32. Rd3 Ra5+ 33. Kb2 Nb4 34. Rde3 Nd5 35. Rd3 Rca6 36. Rc2 Ra2+ 37. Kc1 Rxc2+ 38. Kxc2 Nb4+ 39. Kc3 Nxd3 40. Kxd3 Ra2 0-1

[Event "Unterfranken-ch M2 61th"]
[Site "Kitzingen"]
[Date "2010.04.10"]
[Round "9"]
[White "Bonnes, Klaus"]
[Black "Pfannes, Andreas"]
[Result "0-1"]
[WhiteElo "1741"]
[BlackElo "1812"]
[PlyCount "52"]
[EventDate "2010.04.05"]
[EventType "swiss"]
[EventRounds "9"]
[EventCountry "GER"]
[SourceTitle "EXT 2015"]
[Source "ChessBase"]
[SourceDate "2014.11.20"]
[SourceVersion "1"]
[SourceVersionDate "2014.11.20"]
[SourceQuality "1"]

1. d4 Nf6 2. c4 e6 3. Nc3 Bb4 4. Bd2 0-0 5. Nf3 d5 6. e3 c6 7. Bd3 Nbd7 8. 0-0 Qe7 9. Rc1 dxc4 10. Bxc4 e5 11. a3 Bd6 12. dxe5 Nxe5 13. Be2 Nxf3+ 14. Bxf3 Bf5 15. Qb3 Rfd8 16. Rfd1 Rd7 17. Ne2 Be4 18. Bxe4 Nxe4 19. Be1 Rad8 20. g3 Ng5 21. Qc4 Qf6 22. Nc3 Qh6 23. Qg4 Qf6 24. Kg2 h6 25. h4 Qe6 26. Qa4 Qh3+ 0-1